Układ Słoneczny - Statystyki

Ogólne statystyki
  • Ten quiz został rozwiązany 133 razy
  • Średni wynik to 11 z 16
Statystyki odpowiedzi
Obrazkowy Odpowiedź % Poprawnych
Mars
100%
Saturn
99%
Ziemia
99%
Jowisz
97%
Uran
95%
Neptun
94%
Słońce
93%
Wenus
93%
Pluton
85%
Merkury
83%
Europa
41%
Io
39%
Ceres
35%
Ganimedes
35%
Tytan
34%
Deimos
24%
Nie znaleziono quizów pasujących do podanych kryteriów
Rozkład punktacji
Procent ludzi z każdym wynikiem
Percentyl według liczby udzielonych odpowiedzi
Twoja historia wyników
Nie rozwiązałeś tego quizu